Markets (Record no. 82758)
[ view plain ]
| 000 -LEADER | |
|---|---|
| fixed length control field | 01125cam a22002055a 4500 |
| 001 - CONTROL NUMBER | |
| control field | L151308 |
| 008 - FIXED-LENGTH DATA ELEMENTS--GENERAL INFORMATION | |
| fixed length control field | 101019e20101015xxk 000 0 eng d |
| 035 ## - SYSTEM CONTROL NUMBER | |
| System control number | (Sirsi) u151308 |
| 041 0# - LANGUAGE CODE | |
| Language code of text/sound track or separate title | eng |
| 100 1# - MAIN ENTRY--PERSONAL NAME | |
| Personal name | Unger, Paul |
| 245 00 - TITLE STATEMENT | |
| Title | Markets |
| Remainder of title | Merseyside |
| 260 ## - PUBLICATION, DISTRIBUTION, ETC. | |
| Date of publication, distribution, etc. | 2010 |
| 490 #0 - SERIES STATEMENT | |
| Series statement | Property Week |
| Volume/sequential designation | 76 (41) 15 October 2010, 45-54(5) |
| 520 ## - SUMMARY, ETC. | |
| Summary, etc. | Peel seeks support from Chinese financiers to develop 150 acres on north Liverpool's Mersey shoreline into a major mixed-use scheme. Liverpool Science Park secures consent to create a third city-centre innovation centre called IC3. Liverpool office market heads for oversupply with 2010 take-up levels likely to end up 50% below those of 2009. Regional developers to submit schemes for EU JESSICA funding in early 2011. Merseyside shed market sees occupiers competing for diminishing stock pool of sheds. Ethel Austin property investment arm goes into administration. Tesco scales down its Kirby development plans. |
| 590 ## - LOCAL NOTE (RLIN) | |
| Local note | KA |
| 651 #4 - SUBJECT ADDED ENTRY--GEOGRAPHIC NAME | |
| Geographic name | Merseyside |
| 651 #4 - SUBJECT ADDED ENTRY--GEOGRAPHIC NAME | |
| Geographic name | Liverpool |
| 690 ## - LOCAL SUBJECT ADDED ENTRY--TOPICAL TERM (OCLC, RLIN) | |
| Topical term or geographic name as entry element | PROPERTY-COMMERCIAL PROPERTY-COMMERCIAL PROPERTY MARKET |
| 942 ## - ADDED ENTRY ELEMENTS (KOHA) | |
| Suppress in OPAC | 0 |
| Withdrawn status | Lost status | Source of classification or shelving scheme | Damaged status | Not for loan | Home library | Current library | Shelving location | Date acquired | Total Checkouts | Full call number | Barcode | Date last seen | Copy number | Price effective from | Koha item type |
|---|---|---|---|---|---|---|---|---|---|---|---|---|---|---|---|
| Dewey Decimal Classification | London | London | Journal article | 19/10/2010 | L151308 | 151308-1001 | 06/08/2019 | 1 | 06/08/2019 | Journal article |